[Event "298th YMCA Winter C"]
[Site "Warsaw"]
[Date "2025.02.19"]
[Round "6"]
[White "Pazderska, Magdalena"]
[Black "Marczukiewicz, Slawomir"]
[Result "0-1"]
[WhiteElo "1758"]
[BlackElo "1622"]
[PlyCount "73"]
[EventDate "2025.01.07"]
[EventType "tourn"]
[EventRounds "1"]
[EventCountry "POL"]
[SourceDate "2025.01.07"]

1. c4 Nf6 2. Nf3 e6 3. g3 d5 4. cxd5 exd5 5. e3 c6 6. Nc3 Bg4 7. Bg2 Nbd7 8.
Qc2 Bd6 9. O-O O-O 10. b3 Re8 11. Bb2 Bh5 12. Rac1 Bg6 13. Qd1 Bd3 14. Re1 Ne4
15. Nxe4 dxe4 16. Nd4 Nf6 17. Bh3 Be5 18. Rc5 Nd7 19. Bxd7 Qxd7 20. Qh5 g6 21.
Qh6 Bg7 22. Qf4 Rac8 23. Rec1 Rf8 24. Ba3 Bxd4 25. exd4 Qxd4 26. R5c3 Rfe8 27.
Bc5 Qe5 28. Qh6 Re6 29. Be3 b6 30. Qh3 c5 31. Bf4 Qd5 32. Re1 Rce8 33. g4 g5
34. Qh5 Rg6 35. Re3 Ree6 36. Rcxd3 exd3 37. Bxg5 0-1

[Event "298th YMCA Winter C"]
[Site "Warsaw"]
[Date "2025.02.13"]
[Round "6"]
[White "Milczak, Piotr"]
[Black "Kepa, Wojciech"]
[Result "1/2-1/2"]
[WhiteElo "1679"]
[BlackElo "1687"]
[PlyCount "98"]
[EventDate "2025.01.07"]
[EventType "tourn"]
[EventRounds "1"]
[EventCountry "POL"]
[SourceDate "2025.01.07"]

1. d4 Nf6 2. Nf3 d5 3. c4 e6 4. Nc3 Be7 5. e3 O-O 6. Bd3 dxc4 7. Bxc4 c5 8. O-O
a6 9. a4 Qc7 10. Qe2 cxd4 11. exd4 Rd8 12. Bg5 Nc6 13. Rfd1 Nd5 14. Nxd5 exd5
15. Bxe7 Nxe7 16. Bd3 Bf5 17. Rac1 Bxd3 18. Qxd3 Qf4 19. g3 Qd6 20. Rc5 f6 21.
Rdc1 Nc6 22. Qb3 Na5 23. Qc2 Nc4 24. Nd2 b6 25. Nxc4 dxc4 26. Qxc4+ Kh8 27. Rc7
Rd7 28. Rc8+ Rd8 29. Rxa8 Rxa8 30. d5 Kg8 31. Qc6 Rd8 32. Qxd6 Rxd6 33. Rc6
Rxd5 34. Rxb6 Rd1+ 35. Kg2 a5 36. Rb5 Rb1 37. Rxa5 Rxb2 38. Ra8+ Kf7 39. a5 Ra2
40. a6 h6 41. h4 g6 42. g4 Kg7 43. Kf3 Ra4 44. a7 h5 45. gxh5 gxh5 46. Ke3 Ra3+
47. Kd4 Ra4+ 48. Kc5 Ra1 49. Kb6 Rb1+ 1/2-1/2

[Event "298th YMCA Winter C"]
[Site "Warsaw"]
[Date "2025.01.11"]
[Round "6"]
[White "Wiktorowski, Janusz"]
[Black "Alvarado, Luis"]
[Result "0-1"]
[WhiteElo "1580"]
[BlackElo "1646"]
[PlyCount "108"]
[EventDate "2025.01.07"]
[EventType "tourn"]
[EventRounds "1"]
[EventCountry "POL"]
[SourceDate "2025.01.07"]

1. e4 e5 2. Nf3 Nc6 3. Bc4 Bc5 4. c3 Nf6 5. d4 exd4 6. cxd4 Bb4+ 7. Nc3 Nxe4 8.
O-O Bxc3 9. d5 Ne5 10. bxc3 Nxc4 11. Qd4 f5 12. Qxc4 d6 13. Re1 O-O 14. Qd3 Qf6
15. Bb2 Nc5 16. Qc2 Bd7 17. c4 Qf7 18. Ng5 Qg6 19. f4 Rae8 20. Qc3 Na4 21. Qd4
Nxb2 22. Qxb2 b6 23. g3 h6 24. Nf3 Re4 25. Rxe4 fxe4 26. Nh4 Qg4 27. Re1 Rxf4
28. Qg2 Rf8 29. Qxe4 Qxe4 30. Rxe4 Bh3 31. Ng2 Rf3 32. Ne3 Kf7 33. a4 g6 34.
Rf4+ Rxf4 35. gxf4 Bd7 36. a5 bxa5 37. Nc2 a4 38. Kf2 Kf6 39. Ke3 Bf5 40. Na3
g5 41. fxg5+ Kxg5 42. Kd4 Kg4 43. Nb5 Bd7 44. Nxc7 Kh3 45. Ne6 Kxh2 46. c5
dxc5+ 47. Nxc5 Be8 48. d6 h5 49. d7 Bxd7 50. Nxd7 h4 51. Nf6 h3 52. Nh5 Kg1 53.
Ng3 h2 54. Ne2+ Kf2 0-1

[Event "298th YMCA Winter C"]
[Site "Warsaw"]
[Date "2025.02.14"]
[Round "6"]
[White "Sypula, Krzysztof"]
[Black "Glowacki, Mateusz"]
[Result "1/2-1/2"]
[WhiteElo "1666"]
[BlackElo "1687"]
[PlyCount "56"]
[EventDate "2025.01.07"]
[EventType "tourn"]
[EventRounds "1"]
[EventCountry "POL"]
[SourceDate "2025.01.07"]

1. d4 Nf6 2. c4 e5 3. dxe5 Ng4 4. Nh3 Nxe5 5. e4 Bb4+ 6. Bd2 Qe7 7. a3 Bxd2+ 8.
Qxd2 d6 9. Nf4 c6 10. Nc3 O-O 11. O-O-O f5 12. Qxd6 Qxd6 13. Rxd6 fxe4 14. Ne6
Nf7 15. Nc7 Nxd6 16. Nxa8 Bf5 17. c5 Ne8 18. Bc4+ Kh8 19. Rd1 Nd7 20. Nxe4 Bxe4
21. Rxd7 Nf6 22. Rxb7 Rxa8 23. f3 Bd5 24. Ba6 Ne8 25. Rd7 Kg8 26. Bb7 Rb8 27.
Ba6 Ra8 28. Bb7 Rb8 1/2-1/2

[Event "298th YMCA Winter C"]
[Site "Warsaw"]
[Date "2025.02.26"]
[Round "7"]
[White "Glowacki, Mateusz"]
[Black "Pazderska, Magdalena"]
[Result "1-0"]
[WhiteElo "1687"]
[BlackElo "1758"]
[PlyCount "119"]
[EventDate "2025.01.07"]
[EventType "tourn"]
[EventRounds "1"]
[EventCountry "POL"]
[SourceDate "2025.01.07"]

1. e4 c5 2. a3 Nc6 3. b4 cxb4 4. axb4 Nxb4 5. c3 Nc6 6. d4 Nf6 7. d5 Ne5 8. f4
Ng6 9. e5 Ne4 10. Qd4 f5 11. exf6 Nxf6 12. f5 e5 13. dxe6 Ne7 14. Bb5 Nxf5 15.
Qe5 Ne7 16. Bg5 Qb6 17. Na3 a6 18. Nc4 axb5 19. Nxb6 Rxa1+ 20. Ke2 dxe6 21.
Nxc8 Nxc8 22. Bxf6 gxf6 23. Qxb5+ Kf7 24. Qxb7+ Ne7 25. Qb2 Ra5 26. Nf3 Rg8 27.
g3 Bh6 28. Ra1 Rd5 29. c4 Rd7 30. Rf1 Kg7 31. Nd4 e5 32. Qb6 Bg5 33. Ne6+ Kh6
34. Nxg5 Rxg5 35. Rxf6+ Ng6 36. c5 Rg4 37. Rd6 Rf7 38. c6 Re4+ 39. Kd3 Re1 40.
c7 Rf3+ 41. Kd2 Rff1 42. c8=Q Rd1+ 43. Ke2 Rde1+ 44. Kd3 Rd1+ 45. Ke4 Rde1+ 46.
Kd5 Rd1+ 47. Ke6 Rde1 48. Qcd8 Rf8 49. Qxf8+ Nxf8+ 50. Kd5+ Ng6 51. Qf2 Rd1+
52. Kc6 Ra1 53. h4 Ra6+ 54. Kc5 Ra5+ 55. Kb6 Ra1 56. Qd2+ Kg7 57. Qg5 Rb1+ 58.
Kc5 Ra1 59. Rd7+ Kg8 60. Qh6 1-0

[Event "298th YMCA Winter C"]
[Site "Warsaw"]
[Date "2025.02.19"]
[Round "7"]
[White "Alvarado, Luis"]
[Black "Sypula, Krzysztof"]
[Result "0-1"]
[WhiteElo "1646"]
[BlackElo "1666"]
[PlyCount "102"]
[EventDate "2025.01.07"]
[EventType "tourn"]
[EventRounds "1"]
[EventCountry "POL"]
[SourceDate "2025.01.07"]

1. e4 c6 2. d4 g6 3. Be3 d6 4. a4 Bg7 5. Nc3 Nf6 6. f3 Qa5 7. Bd3 e5 8. dxe5
dxe5 9. Nge2 Be6 10. O-O O-O 11. Qe1 Qc7 12. Qf2 b6 13. b4 Nbd7 14. a5 b5 15.
h3 a6 16. Rfd1 Rfe8 17. Rab1 Bf8 18. f4 exf4 19. Nxf4 c5 20. Nxe6 Rxe6 21. Nd5
Nxd5 22. exd5 Rf6 23. Qh4 cxb4 24. Qe4 Bc5 25. Bxc5 Qxc5+ 26. Kh1 Rd6 27. Qxb4
Qxb4 28. Rxb4 Rxd5 29. Re1 Rd6 30. Re7 Nf6 31. Rb7 Rad8 32. Rf4 Kg7 33. Ra7
R8d7 34. Ra8 Rc7 35. Kg1 Rc3 36. Ra7 Ra3 37. g4 h6 38. h4 Nd7 39. h5 g5 40. Rf2
Rxa5 41. Bf5 Ne5 42. Re7 b4 43. Bg6 Rf6 44. Bf5 Nc6 45. Rd7 Re5 46. Rfd2 Ne7
47. Bd3 Rf4 48. Bxa6 Rxg4+ 49. Kf2 Rf4+ 50. Kg2 Nf5 51. Rb7 Nh4+ 0-1

[Event "298th YMCA Winter C"]
[Site "Warsaw"]
[Date "2025.02.20"]
[Round "7"]
[White "Kepa, Wojciech"]
[Black "Wiktorowski, Janusz"]
[Result "1-0"]
[WhiteElo "1687"]
[BlackElo "1580"]
[PlyCount "151"]
[EventDate "2025.01.07"]
[EventType "tourn"]
[EventRounds "1"]
[EventCountry "POL"]
[SourceDate "2025.01.07"]

1. e4 e5 2. Nf3 Nc6 3. Bb5 a6 4. Ba4 Bc5 5. c3 b5 6. Bb3 Nge7 7. Ng5 d5 8. exd5
Nxd5 9. Qf3 Be6 10. Nxe6 fxe6 11. O-O Qd7 12. a4 Rf8 13. Qg3 b4 14. Bc2 g6 15.
d3 O-O-O 16. Bh6 Nf4 17. Bxf4 exf4 18. Qf3 Qd5 19. Qxd5 Rxd5 20. d4 Be7 21. Re1
Rd6 22. Nd2 Nd8 23. Nc4 Rc6 24. Ne5 Rb6 25. a5 Rb8 26. Bd3 Ra8 27. Be4 Ra7 28.
Nc6 Nxc6 29. Bxc6 Rf6 30. c4 Kd8 31. Re4 e5 32. d5 Bd6 33. Rc1 Rf5 34. g3 fxg3
35. fxg3 Bc5+ 36. Kh1 Bd4 37. Rc2 Ke7 38. Kg2 Kf6 39. Bd7 Ra8 40. Bxf5 gxf5 41.
Rh4 Kg6 42. b3 e4 43. Rf4 h5 44. Rc1 Be3 45. Rff1 Bxc1 46. Rxc1 Re8 47. Rd1 Kg5
48. d6 cxd6 49. Rxd6 f4 50. Rd5+ Kf6 51. gxf4 h4 52. Kf2 Kg6 53. Ke3 Kf6 54.
Rd6+ Kf5 55. h3 Re7 56. Rd5+ Kf6 57. Rh5 Rg7 58. Rg5 Re7 59. Rg4 Rh7 60. Kxe4
Re7+ 61. Kd5 Re3 62. Rxh4 Rxb3 63. Rh6+ Kf5 64. Rxa6 Rxh3 65. Rb6 b3 66. a6 b2
67. Rxb2 Ra3 68. Rb6 Kxf4 69. c5 Ra5 70. Kc4 Ke5 71. Rd6 Ra1 72. Kb5 Rb1+ 73.
Kc6 Ra1 74. Kb7 Rb1+ 75. Rb6 Rh1 76. a7 1-0

[Event "298th YMCA Winter C"]
[Site "Warsaw"]
[Date "2025.02.19"]
[Round "7"]
[White "Szuszkiewicz, Stanislaw"]
[Black "Milczak, Piotr"]
[Result "1/2-1/2"]
[WhiteElo "1629"]
[BlackElo "1679"]
[PlyCount "91"]
[EventDate "2025.01.07"]
[EventType "tourn"]
[EventRounds "1"]
[EventCountry "POL"]
[SourceDate "2025.01.07"]

1. e4 e6 2. d4 d5 3. exd5 exd5 4. Bd3 Nf6 5. c3 Bd6 6. Ne2 O-O 7. O-O Bg4 8. f3
Bh5 9. Bg5 Nbd7 10. Qb3 Qc8 11. Nd2 Bg6 12. Bxg6 hxg6 13. Rfe1 c6 14. Ng3 Qc7
15. Ndf1 Rfe8 16. a4 a5 17. Rad1 Rab8 18. Kh1 Nb6 19. Qa2 Nbd7 20. Qb3 Nf8 21.
Bxf6 gxf6 22. Qc2 Ne6 23. Qf2 Kg7 24. Ne3 Rh8 25. Kg1 Rh7 26. Ng4 Rbh8 27. Nf1
Ng5 28. Qe2 Bf4 29. g3 Bd6 30. Kg2 Rd8 31. Rd3 Rhh8 32. Re3 Rd7 33. Qd1 Re7 34.
Rxe7 Bxe7 35. Re3 Rd8 36. Qe2 Bd6 37. Re8 Qd7 38. Rxd8 Qxd8 39. Qe3 Qb6 40. Qd2
f5 41. Nf2 Ne6 42. Qc2 Qd8 43. Qd2 Qb6 44. Qc2 Qd8 45. Qd2 Qb6 46. Qc2 $11
1/2-1/2

[Event "298th YMCA Winter C"]
[Site "Warsaw"]
[Date "2025.02.26"]
[Round "8"]
[White "Milczak, Piotr"]
[Black "Marczukiewicz, Slawomir"]
[Result "1/2-1/2"]
[WhiteElo "1679"]
[BlackElo "1622"]
[PlyCount "69"]
[EventDate "2025.01.07"]
[EventType "tourn"]
[EventRounds "1"]
[EventCountry "POL"]
[SourceDate "2025.01.07"]

1. d4 d5 2. c4 c6 3. Nc3 Bf5 4. Nf3 e6 5. e3 Nd7 6. Bd3 Bxd3 7. Qxd3 Ngf6 8.
O-O Be7 9. e4 dxe4 10. Nxe4 Nxe4 11. Qxe4 Nf6 12. Qe2 O-O 13. Rd1 Re8 14. b3
Qc7 15. Bb2 Rad8 16. Rac1 Nd7 17. Qc2 Bf6 18. h3 g6 19. b4 Qb8 20. a4 b5 21.
axb5 cxb5 22. c5 Rc8 23. Qd2 Qb7 24. Ng5 Qd5 25. Nf3 Nb8 26. Ne5 Nc6 27. Nxc6
Rxc6 28. Ra1 a6 29. Ra3 Rd8 30. Rd3 Rc7 31. Qc1 Bg7 32. Qa1 Qc4 33. Qa3 Rcd7
34. Qc3 Qxc3 35. Bxc3 1/2-1/2

[Event "298th YMCA Winter C"]
[Site "Warsaw"]
[Date "2025.02.25"]
[Round "8"]
[White "Wiktorowski, Janusz"]
[Black "Szuszkiewicz, Stanislaw"]
[Result "0-1"]
[WhiteElo "1580"]
[BlackElo "1629"]
[PlyCount "80"]
[EventDate "2025.01.07"]
[EventType "tourn"]
[EventRounds "1"]
[EventCountry "POL"]
[SourceDate "2025.01.07"]

1. e4 e5 2. Nf3 Nf6 3. Nxe5 d6 4. Nf3 Nxe4 5. Bc4 d5 6. Bb3 Be7 7. d3 Nf6 8.
O-O O-O 9. h3 Bf5 10. Bf4 Nc6 11. Nc3 a6 12. a3 Qd7 13. Re1 Rfe8 14. Be5 Be6
15. d4 Rad8 16. Qe2 h6 17. Qf1 Qc8 18. Rad1 Rd7 19. Re3 Nh7 20. Ree1 Nf8 21.
Nh2 Ng6 22. Bg3 Bf6 23. Ne2 Rde7 24. c3 Qd7 25. Bc2 Bf5 26. Bxf5 Qxf5 27. Ng4
Na5 28. Ne3 Qd7 29. Nf4 Nxf4 30. Bxf4 Re4 31. Bg3 Bg5 32. Ng4 Qe7 33. Ne5 Rxe1
34. Rxe1 Bf6 35. Nd3 Qd8 36. Rxe8+ Qxe8 37. Bxc7 Nc4 38. Bf4 Qe4 39. Bc1 b6 40.
Qe1 Qxd3 0-1

[Event "298th YMCA Winter C"]
[Site "Warsaw"]
[Date "2025.02.27"]
[Round "8"]
[White "Sypula, Krzysztof"]
[Black "Kepa, Wojciech"]
[Result "0-1"]
[WhiteElo "1666"]
[BlackElo "1687"]
[PlyCount "67"]
[EventDate "2025.01.07"]
[EventType "tourn"]
[EventRounds "1"]
[EventCountry "POL"]
[SourceDate "2025.01.07"]

1. d4 d5 2. c4 e6 3. Nf3 Nf6 4. g3 dxc4 5. Qa4+ Bd7 6. Qxc4 Bc6 7. Nc3 Nbd7 8.
Bg2 Be7 9. O-O O-O 10. Qd3 Nd5 11. e4 Nxc3 12. bxc3 Nc5 13. Qe3 Nxe4 14. Ne5
Nf6 15. Nxc6 bxc6 16. Bxc6 Nd5 17. Qd3 Rb8 18. Ba4 Bf6 19. Bc2 g6 20. Bh6 Re8
21. Bb3 Bg5 22. Bxg5 Qxg5 23. Qf3 Ne7 24. Rad1 c6 25. Rfe1 Rec8 26. Re5 Qh6 27.
c4 Qg7 28. Ra5 Rb7 29. Qe4 Qf6 30. Rd3 Rd7 31. Ba4 Rcd8 32. Re5 Rd6 33. Bxc6
Nxc6 34. Rf3 0-1

[Event "298th YMCA Winter C"]
[Site "Warsaw"]
[Date "2025.02.27"]
[Round "8"]
[White "Glowacki, Mateusz"]
[Black "Alvarado, Luis"]
[Result "1/2-1/2"]
[WhiteElo "1687"]
[BlackElo "1646"]
[PlyCount "61"]
[EventDate "2025.01.07"]
[EventType "tourn"]
[EventRounds "1"]
[EventCountry "POL"]
[SourceDate "2025.01.07"]

1. e4 c6 2. c4 d5 3. exd5 cxd5 4. cxd5 Nf6 5. Nc3 Nxd5 6. Bc4 Nf6 7. Nf3 e6 8.
d4 Bd6 9. Bg5 O-O 10. O-O h6 11. Bh4 Nbd7 12. Qd3 a6 13. Rad1 b5 14. Bb3 Bb7
15. Rfe1 Qc7 16. Bxf6 Nxf6 17. Ne5 Rfe8 18. h3 Rad8 19. a3 Qb6 20. Bc2 Bxe5 21.
Rxe5 Qc6 22. Qg3 Nd5 23. Bb1 Nxc3 24. bxc3 Qd6 25. Rc5 Qxc5 26. dxc5 Rxd1+ 27.
Kh2 Rxb1 28. Qc7 Bd5 29. Qd7 Rb8 30. c6 Bxc6 31. Qxc6 1/2-1/2

[Event "298th YMCA Winter C"]
[Site "Warsaw"]
[Date "2025.03.05"]
[Round "9"]
[White "Alvarado, Luis"]
[Black "Pazderska, Magdalena"]
[Result "0-1"]
[WhiteElo "1646"]
[BlackElo "1758"]
[PlyCount "76"]
[EventDate "2025.01.07"]
[EventType "tourn"]
[EventRounds "1"]
[EventCountry "POL"]
[SourceDate "2025.01.07"]

1. e4 c5 2. Nf3 Nc6 3. d4 cxd4 4. Nxd4 e5 5. Nb5 d6 6. N1c3 a6 7. Na3 b5 8. Nd5
Nf6 9. Nxf6+ gxf6 10. c4 b4 11. Nc2 a5 12. Bd3 Bg7 13. Ne3 O-O 14. O-O Nd4 15.
Nd5 Be6 16. Be3 Nc6 17. f4 Bh6 18. Qh5 Bg7 19. f5 Bxd5 20. exd5 Nd4 21. Bxd4
exd4 22. Rf3 Qe7 23. Rh3 h6 24. Rf1 Kh7 25. Rf4 Qe1+ 26. Bf1 Qd2 27. Rg4 Rae8
28. Rhg3 Bh8 29. Rg6 Re1 30. h3 Qc1 31. Rf3 d3 32. Kh2 Bg7 33. Rfg3 Rxf1 34.
Rxg7+ Kh8 35. R3g6 Rh1+ 36. Kg3 Qe3+ 37. Kh4 fxg6 38. Qxg6 Qg5+ 0-1

[Event "298th YMCA Winter C"]
[Site "Warsaw"]
[Date "2025.03.06"]
[Round "9"]
[White "Kepa, Wojciech"]
[Black "Glowacki, Mateusz"]
[Result "1-0"]
[WhiteElo "1687"]
[BlackElo "1687"]
[PlyCount "121"]
[EventDate "2025.01.07"]
[EventType "tourn"]
[EventRounds "1"]
[EventCountry "POL"]
[SourceDate "2025.01.07"]

1. e4 c5 2. Nf3 a6 3. c3 d5 4. exd5 Nf6 5. Qa4+ Bd7 6. Qb3 Qc7 7. c4 e6 8. Nc3
Bd6 9. d3 exd5 10. Nxd5 Nxd5 11. cxd5 Bg4 12. Qa4+ Qd7 13. Qe4+ Kd8 14. Be3 f5
15. Qc4 Re8 16. Be2 Bxf3 17. gxf3 Qe7 18. f4 b5 19. Qc2 Nd7 20. Kd1 $11 g5 21.
Bh5 Rf8 22. Re1 gxf4 23. Bxf4 Qh4 24. Bxd6 Qxh5+ $11 25. Qe2 Qxe2+ 26. Rxe2 Rf7
27. Kd2 Nf6 28. Rae1 Kd7 29. Bxc5 Nxd5 30. b4 Rd8 31. Re6 Kc8 32. Rxa6 Nc7 33.
Rh6 Rdd7 34. Rd6 Nd5 35. Re8+ Kb7 36. Rxd7+ Rxd7 37. Re5 f4 38. d4 Kc6 39. Kd3
Rf7 40. Re6+ Kc7 41. Ra6 Kb8 42. Ke4 Nc3+ 43. Kf3 Nd5 44. a4 bxa4 45. Rxa4 h5
46. Ra5 Rd7 47. Ra6 Rf7 48. Rh6 Nf6 49. h4 Kb7 50. Be7 Nd5 51. Bd6 Kc6 52. Be5+
Kb5 53. Rxh5 Kxb4 54. Ke4 Nc3+ 55. Kd3 Nd1 56. Bd6+ Ka4 57. f3 Nb2+ 58. Ke4 Nd1
59. Rf5 Nc3+ 60. Kxf4 Nd5+ 61. Ke5 1-0

[Event "298th YMCA Winter C"]
[Site "Warsaw"]
[Date "2025.03.05"]
[Round "9"]
[White "Szuszkiewicz, Stanislaw"]
[Black "Sypula, Krzysztof"]
[Result "0-1"]
[WhiteElo "1629"]
[BlackElo "1666"]
[PlyCount "112"]
[EventDate "2025.01.07"]
[EventType "tourn"]
[EventRounds "1"]
[EventCountry "POL"]
[SourceDate "2025.01.07"]

1. e4 d6 2. d4 g6 3. Nf3 Bg7 4. Bc4 Nf6 5. Qe2 O-O 6. O-O c6 7. e5 Nd5 8. Re1
e6 9. b3 Nb6 10. exd6 Nxc4 11. bxc4 c5 12. c3 Qxd6 13. dxc5 Qc7 14. Be3 Na6 15.
Bd4 Nxc5 16. Na3 a6 17. Nc2 Na4 18. Na3 Bd7 19. Rac1 Rac8 20. Bxg7 Kxg7 21.
Qe5+ f6 22. Qxc7 Rxc7 23. Nd4 e5 24. Nb3 Nb2 25. Re3 Nxc4 26. Nxc4 Rxc4 27. Rd3
Bf5 28. Re3 b5 29. Kf1 Rfc8 30. a3 Ra4 31. Ra1 Be6 32. Nd2 a5 33. Rb1 Rb8 34.
Ra1 b4 35. cxb4 axb4 36. Rb1 b3 37. Nxb3 Rxa3 38. Nd2 Rxb1+ 39. Nxb1 Ra1 40.
Re1 Bc4+ 41. Kg1 Bd3 42. f3 Rxb1 43. Rxb1 Bxb1 44. Kf2 f5 45. Ke3 Kf6 46. f4
exf4+ 47. Kxf4 g5+ 48. Ke3 h5 49. g3 Ke5 50. Kf3 Be4+ 51. Ke3 f4+ 52. Kf2 Bd5
53. Ke2 Kf5 54. Kf2 Kg4 55. gxf4 gxf4 56. Ke2 Kh3 0-1

[Event "298th YMCA Winter C"]
[Site "Warsaw"]
[Date "2025.03.04"]
[Round "9"]
[White "Marczukiewicz, Slawomir"]
[Black "Wiktorowski, Janusz"]
[Result "1-0"]
[WhiteElo "1622"]
[BlackElo "1580"]
[PlyCount "69"]
[EventDate "2025.01.07"]
[EventType "tourn"]
[EventRounds "1"]
[EventCountry "POL"]
[SourceDate "2025.01.07"]

1. c4 e5 2. Nc3 Bc5 3. Nf3 Nc6 4. d3 h6 5. g3 Nf6 6. Bg2 O-O 7. O-O d6 8. Na4
Bd4 9. e3 Bb6 10. Nxb6 axb6 11. b3 Bg4 12. h3 Bd7 13. Bb2 Qc8 14. Kh2 Ne7 15.
e4 c5 16. Ng1 Nc6 17. f4 Nd4 18. Bc1 Kh7 19. fxe5 dxe5 20. Rxf6 gxf6 21. Qh5
Nxb3 22. axb3 Rxa1 23. Bxh6 Kg8 24. Nf3 Qd8 25. Nh4 f5 26. Bg5 f6 27. Qg6+ Kh8
28. Qh6+ Kg8 29. exf5 Rf7 30. Bd5 fxg5 31. f6 Qf8 32. Qxg5+ Kh7 33. Qg6+ Kh8
34. Bxf7 Bc6 35. Qh5+ 1-0

[Event "298th YMCA Winter C pff"]
[Site "Warsaw"]
[Date "2025.03.12"]
[Round "10"]
[White "Glowacki, Mateusz"]
[Black "Marczukiewicz, Slawomir"]
[Result "1-0"]
[WhiteElo "1688"]
[BlackElo "1621"]
[PlyCount "67"]
[EventDate "2025.03.12"]
[EventType "tourn"]
[EventRounds "2"]
[EventCountry "POL"]
[SourceDate "2025.01.07"]

1. e4 e5 2. Bc4 Nf6 3. d3 Bc5 4. f4 d6 5. f5 Nxe4 6. dxe4 Qh4+ 7. Kd2 Qxe4 8.
Qe2 Qxf5 9. Bd3 Qe6 10. Nf3 Nc6 11. Rf1 f6 12. Nh4 Nd4 13. Qh5+ Kd7 14. c3 Nb3+
15. axb3 Qxb3 16. Qg4+ Kc6 17. Qa4+ Qxa4 18. Rxa4 b5 19. Ra5 a6 20. Kc2 Be6 21.
Nf5 Bb6 22. Ra1 Bxf5 23. Rxf5 d5 24. Nd2 Rhf8 25. b4 g6 26. Rf1 f5 27. Nb3 f4
28. Bd2 e4 29. Be2 g5 30. Rad1 Kd6 31. Bc1 c5 32. bxc5+ Bxc5 33. Nxc5 Kxc5 34.
Ba3+ 1-0

[Event "298th YMCA Winter C pff"]
[Site "Warsaw"]
[Date "2025.03.13"]
[Round "10"]
[White "Kepa, Wojciech"]
[Black "Sypula, Krzysztof"]
[Result "1/2-1/2"]
[WhiteElo "1687"]
[BlackElo "1666"]
[PlyCount "74"]
[EventDate "2025.03.12"]
[EventType "tourn"]
[EventRounds "2"]
[EventCountry "POL"]
[SourceDate "2025.01.07"]

1. d4 Nf6 2. c4 e6 3. Nc3 c5 4. e3 d5 5. Nf3 Nc6 6. b3 cxd4 7. exd4 Bb4 8. Bb2
Qa5 9. Qc2 Ne4 10. Rc1 O-O 11. Bd3 Bxc3+ 12. Bxc3 Nxc3 13. Qxc3 Qxc3+ 14. Rxc3
dxc4 15. Rxc4 Rd8 16. Be4 Rd6 17. Ne5 Nxd4 18. Rc7 f6 19. Nc4 Ra6 20. O-O Rb8
21. Rd1 e5 22. Rxc8+ Rxc8 23. Bxb7 Rac6 24. Bxc8 $11 Rxc8 25. Kf1 Rc6 26. f4
Ra6 27. fxe5 fxe5 28. Nxe5 Rf6+ 29. Ke1 Nc2+ 30. Ke2 h6 31. Rd8+ Kh7 32. Nd7
Rf7 33. Nf8+ Kg8 34. Ng6+ Kh7 35. Nf8+ Kg8 36. Ng6+ Kh7 37. Nf8+ Kg8 1/2-1/2

[Event "298th YMCA Winter C pff"]
[Site "Warsaw"]
[Date "2025.03.12"]
[Round "10"]
[White "Pazderska, Magdalena"]
[Black "Alvarado, Luis"]
[Result "0-1"]
[WhiteElo "1758"]
[BlackElo "1646"]
[PlyCount "92"]
[EventDate "2025.03.12"]
[EventType "tourn"]
[EventRounds "2"]
[EventCountry "POL"]
[SourceDate "2025.01.07"]

1. c4 e5 2. Nc3 Nf6 3. g3 d5 4. cxd5 Nxd5 5. Bg2 Nf6 6. Nf3 Nc6 7. O-O Bd6 8.
d3 O-O 9. Bg5 h6 10. Bxf6 Qxf6 11. Ne4 Qe7 12. Rc1 f5 13. Nxd6 cxd6 14. Qa4 Bd7
15. Qa3 Kh7 16. Rc3 Rab8 17. Rfc1 e4 18. dxe4 fxe4 19. Nd2 d5 20. Qxe7 Nxe7 21.
Rc7 Rfd8 22. Nb3 Ng6 23. Nc5 Bc6 24. Bh3 Ne5 25. Ne6 Rg8 26. Re7 Rbe8 27. Bf5+
Kh8 28. Rxe8 Rxe8 29. Rc3 Nc4 30. b3 Nd6 31. Bh3 Bd7 32. Nf4 Bxh3 33. Nxh3 d4
34. Rc5 e3 35. fxe3 Rxe3 36. Rd5 Ne4 37. Rxd4 Rxe2 38. Nf4 Re1+ 39. Kg2 Nf6 40.
Kf2 Rh1 41. Ng6+ Kh7 42. Nf8+ Kg8 43. Kg2 Ra1 44. Rd8 Rxa2+ 45. Kh3 Kf7 46. Nd7
Ke7 0-1

[Event "298th YMCA Winter C pff"]
[Site "Warsaw"]
[Date "2025.03.12"]
[Round "10"]
[White "Milczak, Piotr"]
[Black "Szuszkiewicz, Stanislaw"]
[Result "1-0"]
[WhiteElo "1678"]
[BlackElo "1629"]
[PlyCount "41"]
[EventDate "2025.03.12"]
[EventType "tourn"]
[EventRounds "2"]
[EventCountry "POL"]
[SourceDate "2025.01.07"]

1. d4 Nf6 2. Nf3 d5 3. c4 dxc4 4. Nc3 e6 5. e3 Bb4 6. Bxc4 Nd5 7. Bd2 Bxc3 8.
bxc3 Nc6 9. O-O O-O 10. e4 Nb6 11. Bd3 h6 12. Re1 Re8 13. e5 Bd7 14. Qc1 Qe7
15. Bxh6 Nd8 16. Bg5 Qf8 17. Qf4 g6 18. Bf6 Nd5 19. Qh4 Nxf6 20. exf6 c5 21.
Ng5 1-0

[Event "298th YMCA Winter C pff"]
[Site "Warsaw"]
[Date "2025.03.19"]
[Round "11"]
[White "Glowacki, Mateusz"]
[Black "Kepa, Wojciech"]
[Result "0-1"]
[WhiteElo "1688"]
[BlackElo "1687"]
[PlyCount "60"]
[EventDate "2025.03.12"]
[EventType "tourn"]
[EventRounds "2"]
[EventCountry "POL"]
[SourceDate "2025.01.07"]

1. e4 c5 2. a3 g6 3. h4 h5 4. Bc4 Nc6 5. Nf3 Bg7 6. d3 d6 7. Ng5 e6 8. Nc3 Nge7
9. Bf4 a6 10. Qd2 b5 11. Ba2 b4 12. axb4 cxb4 13. Nd1 O-O 14. Rb1 Nd4 15. Ne3
a5 16. O-O Ba6 17. Bc4 Bxc4 18. Nxc4 d5 19. Ne3 a4 20. Bg3 a3 21. bxa3 bxa3 22.
e5 Qc7 23. f4 a2 24. Ra1 Rfb8 25. Bf2 Rb2 26. Nxd5 Qxc2 27. Nxe7+ Kf8 28. Qxc2
Nxc2 29. Nc6 Nxa1 30. Rxa1 Rb1+ 0-1

[Event "298th YMCA Winter C pff"]
[Site "Warsaw"]
[Date "2025.03.19"]
[Round "11"]
[White "Marczukiewicz, Slawomir"]
[Black "Sypula, Krzysztof"]
[Result "1/2-1/2"]
[WhiteElo "1622"]
[BlackElo "1666"]
[PlyCount "64"]
[EventDate "2025.03.12"]
[EventType "tourn"]
[EventRounds "2"]
[EventCountry "POL"]
[SourceDate "2025.01.07"]

1. c4 e5 2. Nc3 d6 3. g3 g6 4. Bg2 Bg7 5. d3 Ne7 6. e4 O-O 7. Nge2 c6 8. h4 h5
9. Bg5 f6 10. Be3 Be6 11. Qa4 c5 12. Nd5 Nbc6 13. Bh3 Bxh3 14. Rxh3 Nxd5 15.
cxd5 Qc8 16. Rh2 Ne7 17. Qc2 b5 18. Ng1 Qd7 19. Qe2 f5 20. Nh3 Rac8 21. Ng5 c4
22. f3 cxd3 23. Qxd3 fxe4 24. fxe4 Rf6 25. Ne6 a6 26. Rc2 Rxc2 27. Qxc2 Rf7 28.
Rc1 Kh8 29. Ke2 Ng8 30. Qc8 Qe7 31. Bg5 Qa7 32. Be3 Qe7 1/2-1/2

[Event "298th YMCA Winter C pff"]
[Site "Warsaw"]
[Date "2025.03.19"]
[Round "11"]
[White "Milczak, Piotr"]
[Black "Alvarado, Luis"]
[Result "1/2-1/2"]
[WhiteElo "1678"]
[BlackElo "1646"]
[PlyCount "68"]
[EventDate "2025.03.12"]
[EventType "tourn"]
[EventRounds "2"]
[EventCountry "POL"]
[SourceDate "2025.01.07"]

1. d4 Nf6 2. c4 e6 3. Nc3 d5 4. Nf3 Be7 5. e3 O-O 6. Bd3 dxc4 7. Bxc4 c5 8. O-O
a6 9. a4 Nc6 10. dxc5 Bxc5 11. Qe2 Qc7 12. Rd1 b6 13. Bd3 Bb7 14. Ne4 Be7 15.
Bd2 Nxe4 16. Bxe4 Bf6 17. Be1 Ne5 18. Bxb7 Qxb7 19. Nxe5 Bxe5 20. Ra3 Rfd8 21.
Rad3 Rxd3 22. Rxd3 g6 23. Bc3 Bxc3 24. Rxc3 Rd8 25. Rd3 Rxd3 26. Qxd3 b5 27.
axb5 axb5 28. f3 Qc6 29. Kf2 Kf8 30. Qd8+ Kg7 31. Qd4+ Kg8 32. Qd8+ Kg7 33.
Qd4+ Kg8 34. Qd8+ Kg7 1/2-1/2